000 00805nam a2200253 a 4500
008 951121s1987||||[C 0 slo c
020 _c40 Kčs.
_q(20000 výtl.)
040 _aSNK
_bslo
_cSNK
_eAACR2
041 1 _aslo
_heng
044 _axo
_cSK
080 _a820-3
100 1 _aFarell, James G.
_4aut
245 1 0 _aNepokoje
_cJames G. Farell ; James G. Farrell, Dušan Slobodník, Ján Vilikovský, Adela Jakabová
250 _a1., vyd.
260 _aBratislava
_bPravda
_c1987
_eBratislava
_fPravda
300 _a413 s., 24,56 AH
_c21 cm
490 0 _aČlenská knižnica Pravda
500 _aIlustr. na front. a predsádkach.
700 1 _aFarrell, James G.
_4aut
700 1 _aSlobodník, Dušan
_4trl
700 1 _aVilikovský, Ján
_4[ADC]
700 1 _aJakabová, Adela
_4bkd
958 _aA
999 _c10553
_d10553